La aventura griega / (Record no. 91325)

MARC details
000 -LEADER
campo de control de longitud fija 00788nam a2200253 i 4500
001 - NÚMERO DE CONTROL
campo de control 91325
003 - IDENTIFICADOR DE NÚMERO DE CONTROL
campo de control ES-MaACL
005 - FECHA Y HORA DE LA ÚLTIMA TRANSACCIÓN
campo de control 20230906180708.0
007 - CAMPO FIJO DE DESCRIPCIÓN FÍSICA--INFORMACIÓN GENERAL
campo de control de longitud fija t|
008 - DATOS DE LONGITUD FIJA--INFORMACIÓN GENERAL
campo de control de longitud fija 050128s1968 sp ||||1| spa d
080 ## - NÚMERO DE LA CLASIFICACIÓN DECIMAL UNIVERSAL
Número de la Clasificación Decimal Universal 938
100 1# - ENTRADA PRINCIPAL--NOMBRE DE PERSONA
Nombre de persona Lévéque, Pierre.
9 (RLIN) 71932
245 13 - MENCIÓN DEL TÍTULO
Título La aventura griega /
Mención de responsabilidad, etc. Pierre Lévéque ; cartografía de Serge Bonin ; [traducción por Pedro Mulet].
260 ## - PUBLICACIÓN, DISTRIBUCIÓN, ETC.
Lugar de publicación, distribución, etc. Barcelona :
Nombre del editor, distribuidor, etc. Labor,
Fecha de publicación, distribución, etc. 1968.
300 ## - DESCRIPCIÓN FÍSICA
Extensión XV, 625 p., 23 lám. :
Otras características físicas il., mapas ;
Dimensiones 23 cm.
490 1# - MENCIÓN DE SERIE
Mención de serie Destinos del mundo
504 ## - NOTA DE BIBLIOGRAFÍA, ETC.
Nota de bibliografía, etc. Bibliografía: p. 541-546.
651 #4 - PUNTO DE ACCESO ADICIONAL DE MATERIA--NOMBRE GEOGRÁFICO
Nombre geográfico Grecia-
Subdivisión general Historia.
9 (RLIN) 8777
700 1# - ENTRADA AGREGADA--NOMBRE PERSONAL
Nombre de persona Bonin, Serge.
9 (RLIN) 30196
700 1# - ENTRADA AGREGADA--NOMBRE PERSONAL
Nombre de persona Mulet Cerdá, Pedro.
9 (RLIN) 84105
830 1# - PUNTO DE ACCESO ADICIONAL DE SERIE-TÍTULO UNIFORME
Título uniforme Destinos del mundo
9 (RLIN) 231977
852 ## - LOCALIZACIÓN
Ubicación ES-MaACL
Número de control de estantería C-37921
Holdings
Estatus retirado Estado de pérdida Estado de daño No para préstamo Biblioteca de origen Biblioteca actual Ubicación en estantería Fecha de adquisición Fuente de adquisición Total de préstamos Signatura topográfica completa Código de barras Visto por última vez Precio de reemplazo Tipo de ítem Koha
        Biblioteca del Ateneo de Madrid Biblioteca del Ateneo de Madrid Depósito 2 17/01/2008     C-37921 1095346 23/02/2023 23/02/2023 Libro impreso